| 000 | 00379nam a2200121 4500 | ||
|---|---|---|---|
| 999 |
_c517214 _d517214 |
||
| 082 | _aTNC T0x5452 B171 | ||
| 100 |
_aBaker, Christopher John _924777 |
||
| 245 | _aAn Indian rural economy 1880-1955: The tamiland countryside | ||
| 260 |
_aDelhi _bOxford _c1984 |
||
| 300 | _a616p | ||
| 650 |
_aEconomic development - India _924778 |
||
| 650 |
_aTamiland - Economic history _924779 |
||